American Idol Winners Quiz - Statistics

General Stats
  • This quiz has been taken 6,120 times
    2,400 since last reset
  • The average score is 10 of 30
Answer Stats
Season Finish Answer % Correct
Season 1 Winner Kelly Clarkson
95%
Season 4 Winner Carrie Underwood
74%
Season 3 Winner Fantasia Barrino
58%
Season 2 Winner Ruben Studdard
57%
Season 2 Runner-Up Clay Aiken
53%
Season 8 Runner-Up Adam Lambert
44%
Season 6 Winner Jordin Sparks
42%
Season 11 Winner Phillip Phillips
42%
Season 5 Winner Taylor Hicks
42%
Season 7 Winner David Cook
39%
Season 7 Runner-Up David Archuleta
32%
Season 8 Winner Kris Allen
31%
Season 10 Winner Scotty McCreery
30%
Season 1 Runner-Up Justin Guarini
29%
Season 5 Runner-Up Katharine McPhee
27%
Season 4 Runner-Up Bo Bice
26%
Season 9 Winner Lee DeWyze
24%
Season 13 Winner Caleb Johnson
20%
Season 12 Winner Candice Glover
20%
Season 15 Winner Trent Harmon
20%
Season 3 Runner-Up Diana DeGarmo
18%
Season 9 Runner-Up Crystal Bowersox
17%
Season 10 Runner-Up Lauren Alaina
17%
Season 6 Runner-Up Blake Lewis
16%
Season 11 Runner-Up Jessica Sanchez
16%
Season 15 Runner-Up La'Porsha Renae
15%
Season 14 Winner Nick Fradiani
15%
Season 12 Runner-Up Kree Harrison
13%
Season 14 Runner-Up Clark Beckham
10%
Season 13 Runner-Up Jena Irene
10%
No matching quizzes found
Score Distribution
Percent of People with Each Score
Percentile by Number Answered
Your Score History
You have not taken this quiz since the last reset